| 000 | 00516 a2200169 4500 | ||
|---|---|---|---|
| 005 | 20250604163424.0 | ||
| 020 | _a0-324-06973-1 | ||
| 082 | _aTEA LECT 657.42 HAN | ||
| 100 | _aHANSEN, D. R. | ||
| 245 | _aCost Management: Accounting and Control. | ||
| 250 | _a4th Ed. | ||
| 260 |
_aAustralia, _bThomson South western, _c2002. |
||
| 300 |
_axxii, 1027p.: ill.; picture _bGlossary & Index _c29cm |
||
| 700 | _aMOWEN, M. M. | ||
| 856 |
_yAccess Online Book _fManagement _dhttp://www.thomsonrights.com |
||
| 942 |
_2ddc _cBKS |
||
| 999 |
_c3156 _d3156 |
||